Discurso pronunciado por D. Enrique Ojero de la Cruz en la Sección de Literatura del Ateneo de esta corte para probar que a las ciencias arábigo-españolas se debe la restauración de las ciencias en Europa. (Record no. 89009)

MARC details
000 -LEADER
campo de control de longitud fija 01015nam a2200229 i 4500
001 - NÚMERO DE CONTROL
campo de control 89009
003 - IDENTIFICADOR DE NÚMERO DE CONTROL
campo de control ES-MaACL
005 - FECHA Y HORA DE LA ÚLTIMA TRANSACCIÓN
campo de control 20230906180030.0
007 - CAMPO FIJO DE DESCRIPCIÓN FÍSICA--INFORMACIÓN GENERAL
campo de control de longitud fija t|
008 - DATOS DE LONGITUD FIJA--INFORMACIÓN GENERAL
campo de control de longitud fija 050124s1848 sp ||||1| spa d
080 ## - NÚMERO DE LA CLASIFICACIÓN DECIMAL UNIVERSAL
Número de la Clasificación Decimal Universal 008(4:460=411.21)
100 1# - ENTRADA PRINCIPAL--NOMBRE DE PERSONA
Nombre de persona Ojero de la Cruz, Enrique.
9 (RLIN) 86619
245 10 - MENCIÓN DEL TÍTULO
Título Discurso pronunciado por D. Enrique Ojero de la Cruz en la Sección de Literatura del Ateneo de esta corte para probar que a las ciencias arábigo-españolas se debe la restauración de las ciencias en Europa.
260 ## - PUBLICACIÓN, DISTRIBUCIÓN, ETC.
Lugar de publicación, distribución, etc. Madrid :
Nombre del editor, distribuidor, etc. [s.n.],
Fecha de publicación, distribución, etc. 1848 (
Fabricante Imprenta de D. Vicente de Lalama)
300 ## - DESCRIPCIÓN FÍSICA
Extensión 22 p. ;
Dimensiones 20 cm.
610 2# - PUNTO DE ACCESO ADICIONAL DE MATERIA--NOMBRE DE ENTIDAD CORPORATIVA
Nombre de entidad corporativa o nombre de jurisdicción como elemento de entrada Ateneo de Madrid-
Subdivisión de forma Conferencias-
Subdivisión cronológica S.XIX.
9 (RLIN) 1910
610 2# - PUNTO DE ACCESO ADICIONAL DE MATERIA--NOMBRE DE ENTIDAD CORPORATIVA
Nombre de entidad corporativa o nombre de jurisdicción como elemento de entrada Ateneo de Madrid-
Subdivisión de forma Obras digitalizadas.
9 (RLIN) 1930
651 #4 - PUNTO DE ACCESO ADICIONAL DE MATERIA--NOMBRE GEOGRÁFICO
Nombre geográfico Europa-
Subdivisión general Civilización-
-- Influencia andalusí.
9 (RLIN) 8586
710 2# - ENTRADA AGREGADA--NOMBRE DE ENTIDAD CORPORATIVA
Nombre de entidad corporativa o nombre de jurisdicción como elemento de entrada Ateneo de Madrid.
Unidad subordinada Sección de Literatura.
9 (RLIN) 1997
852 ## - LOCALIZACIÓN
Ubicación ES-MaACL
Número de control de estantería T-6-F-11
856 4# - LOCALIZACIÓN Y ACCESO ELECTRÓNICOS
Identificador Uniforme de Recursos <a href="http://www.ateneodemadrid.com/biblioteca_digital/folletos/Discursos-020.pdf">http://www.ateneodemadrid.com/biblioteca_digital/folletos/Discursos-020.pdf</a>
Nota pública Ver documento
Holdings
Estatus retirado Estado de pérdida Estado de daño No para préstamo Colección Biblioteca de origen Biblioteca actual Ubicación en estantería Fecha de adquisición Fuente de adquisición Total de préstamos Signatura topográfica completa Código de barras Visto por última vez Precio de reemplazo Tipo de ítem Koha
        Colección de folletos Biblioteca del Ateneo de Madrid Biblioteca del Ateneo de Madrid Depósito folletos 17/01/2008     T-6-F-11 1092963 23/02/2023 23/02/2023 Folleto